000 01010nam a2200253Ia 4500
001 19489
003 GE_BSU
008 181216s||||||||xx |||||||||||||| ||und||
040 _cGE_BSU
080 _a811.353.2'367.625
100 _aგაგუა, კლარა
245 _aდრონაკლი ზმნები სვანურში
245 _cრედ: მ.ქალდანი
250 _aენათმეცნიერების ინ-ტი.
260 _aთბილისი
260 _bმეცნიერება,
260 _c1976
300 _a242გვ, 22სმ
300 _bშემოკლებათა განმარტება: გვ. 239-240. - სვანურ დრონაკლ ზმნათა საძიებელი! გვ. 241-242. - რეზ. რუს. ენ.
541 _h2ლ.80თ.
653 _a- ზმნა სვანურ ენაში;
653 _aსვანური ენა
942 _cBK
999 _c52466
_d52466